1867 1748 1247 1817 1631 1175 1698 1228 1332 1883 1086 1311 1763 1004 1023 1392 1572 1325 1007 1853 1254 1239 1573 1011 1926 1988 1226 1613 1278 1785 1491 1191 1317 1883 1658 1963 1764 1865 1671 1241 1771 1608 1528 1987 1838 1107 1948 1392 1815 1590 1009 1385 1755 1110 1126 1021 1580 1894 1851 1914 1651 1017 1319 1864 1685 1606 1005 1469 1241 1186 1930 1265 1837 1617 1039 1376 1551 1290 1804 1003 1607 1184 1601 1374 1231 1211 1768 1670 1635 1292 1819 1365 1061 1240 1809 1354 1853 1029 1191 BCNSPRNW ULIB Ver.6.0+V

เปลี่ยนเป็นภาษาไทย

Change to English
 แสดงรายละเอียดบรรณานุกรม
  กลับหน้าหลัก

Brief Record : Get Marc (ISO 2709) : E-mail record : QR code < ปิดหน้าต่าง
LEADER : 00000nam 2200000uu 4500
001    13399125951
003     ULIB
008    171121s||||||||th 000 0 tha d
020    ^a9786162402579
050 04 ^aนว.^bอ-ต
100 0  ^aอลิลศรา
245 10 ^aตรวนปราถนา /^cอลิลศรา
260    ^aกรุงเทพฯ :^bจัสมิน บุ๊ค
300    ^a304 หน้า ;^c17 ซม.
945    ^p0^l0^i003391
999    ^aประนอม เกษจรัล
รายการนี้ยังไม่มีแท็ก
คุณยังไม่ได้ล็อกอิน คุณสามารถมีกิจกรรมร่วมกับเว็บไซต์ได้ แต่ต้องล็อกอินก่อน ::
  ล็อกอิน

รายการสื่อสารสนเทศ

ลำดับที่ ประเภท เลขเรียก/บาร์โค้ด สถานที่ สถานะ
1. วิทยาศาสตร์การแพทย์ และสุขภาพ
วิทยาศาสตร์การแพทย์ และสุขภาพ
นว. อ-ต ฉ.1 
  Barcode: 003391
ห้องสมุดวิทยาเขตสวรรค์ประชารักษ์
►นวนิยาย
บนชั้น
  ขอยืม

รายการใกล้เคียง
    ผู้แต่ง [อลิลศรา]

BibComment


ยังไม่เคยถูกคอมเมนท์

คอมเมนท์ทรัพยากรรายการนี้
  คอมเมนท์: ตรวนปราถนา อลิล..


 Copyright 2026. Bcnsprnw @Library